To Be, or Not to Be : (Record no. 67096)

MARC details
000 -LEADER
fixed length control field 01376nam a2200205Ii 4500
008 - FIXED-LENGTH DATA ELEMENTS--GENERAL INFORMATION
fixed length control field 221202s xx 000 0 und d
100 1# - MAIN ENTRY--PERSONAL NAME
Personal name Rosenbridge, Bardsley,
Relator term author
245 #0 - TITLE STATEMENT
Title To Be, or Not to Be :
Remainder of title Paraphrased
264 #1 - PRODUCTION, PUBLICATION, DISTRIBUTION, MANUFACTURE, AND COPYRIGHT NOTICE
Place of production, publication, distribution, manufacture Brooklyn, NY
Name of producer, publisher, distributor, manufacturer punctum books
Date of production, publication, distribution, manufacture, or copyright notice 2016
300 ## - PHYSICAL DESCRIPTION
Extent 1 online resource (150 pages)
336 ## - CONTENT TYPE
Content type term text
Content type code txt
Source rdacontent
337 ## - MEDIA TYPE
Media type term computer
Media type code c
Source rdamedia
338 ## - CARRIER TYPE
Carrier type term online resource
Carrier type code cr
Source rdacarrier
520 ## - SUMMARY, ETC.
Summary, etc. To Be, or Not to Be: Paraphrased is an expanding deconstruction of Hamlet’s famous existential question, achieved by putting the line through paraphrasing software 50 times. With each permutation, the quotation grows longer and its meaning is distorted, causing the question to question its own existence by acting as a faulty self-replicator, a nonsensical self-affirmation that destroys itself in the process of becoming. This controlled explosion of a sentence was performed by Bardsley Rosenbridge as part of his work with the Dark Meaning Research Institute, a group of parasemantic experimenters developing innovative ways to extract hidden meaning from the world around us.
653 ## - INDEX TERM--UNCONTROLLED
Uncontrolled term Experimental Writing
653 ## - INDEX TERM--UNCONTROLLED
Uncontrolled term Poetry
653 ## - INDEX TERM--UNCONTROLLED
Uncontrolled term William Shakespeare
856 ## - ELECTRONIC LOCATION AND ACCESS
Uniform Resource Identifier <a href="https://library.oapen.org/bitstream/20.500.12657/25403/1/1004692.pdfhttp://library.oapen.org/handle/20.500.12657/25403">https://library.oapen.org/bitstream/20.500.12657/25403/1/1004692.pdfhttp://library.oapen.org/handle/20.500.12657/25403</a>
942 ## - ADDED ENTRY ELEMENTS (KOHA)
Koha item type E-Book
Holdings
Withdrawn status Damaged status Not for loan Home library Current library Date acquired Total Checkouts Date last seen Price effective from Koha item type
      Directory of Open Access Books Directory of Open Access Books 11/28/2022   11/28/2022 11/28/2022 E-Book

University of Rizal System
Email us at univlibservices@urs.edu.ph

Visit our Website www.urs.edu.ph/library